[Event "70th RUS-ch Women Higher League 2020"]
[Site "Sochi"]
[Date "2020.10.12"]
[Round "5.11"]
[White "Lysenko, Margarita"]
[Black "Belenkaya, Dina"]
[Result "0-1"]
[WhiteElo "2239"]
[BlackElo "2297"]
[Annotator "ChessBase"]
[PlyCount "138"]
[EventDate "2020.10.08"]
[EventType "swiss"]
[EventCountry "RUS"]
[SourceTitle "playchess.com"]
[Source "ChessBase"]
[SourceQuality "1"]
[TimeControl "40/5400+30:1800+30"]

1. d4 {[%emt 0:00:00]} d5 {[%emt 0:00:00]} 2. c4 {[%emt 0:00:00]} dxc4 {[%emt 0:00:00]} 3. e4 {[%emt 0:00:06]} Nc6 {[%emt 0:00:13]} 4. Nf3 {[%emt 0:01:35]} Bg4 {[%emt 0:01:12]} 5. d5 {[%emt 0:00:39]} Ne5 {[%emt 0:00:30]} 6. Bf4 {[%emt 0:00:54]} Ng6 {[%emt 0:01:15]} 7. Be3 {[%emt 0:00:13]} Nf6 {[%emt 0:06:26]} 8. Nc3 {[%emt 0:00:21]} e6 {[%emt 0:00:56]} 9. Qa4+ {[%emt 0:17:37]} Qd7 {[%emt 0:02:12]} 10. Qxd7+ {[%emt 0:01:49]} Kxd7 {[%emt 0:00:43]} 11. dxe6+ {[%emt 0:09:13]} Bxe6 {[%emt 0:04:51]} 12. O-O-O+ {[%emt 0:01:21]} Ke8 {[%emt 0:02:00]} 13. Ng5 {[%emt 0:09:33]} Ng4 {[%emt 0:07:56]} 14. Nxe6 {[%emt 0:01:35]} fxe6 {[%emt 0:00:16]} 15. Bxc4 {[%emt 0:03:48]} Nxe3 {[%emt 0:00:54]} 16. fxe3 {[%emt 0:00:09]} Ke7 {[%emt 0:02:36]} 17. Kd2 {[%emt 0:07:46]} Ne5 {[%emt 0:01:13]} 18. Bb3 {[%emt 0:00:22]} Rd8+ {[%emt 0:13:38]} 19. Ke2 {[%emt 0:00:11]} Rxd1 {[%emt 0:01:00]} 20. Nxd1 {[%emt 0:10:13]} g6 {[%emt 0:01:37]} 21. Nf2 {[%emt 0:00:53]} Bg7 {[%emt 0:00:52]} 22. Nh3 {[%emt 0:10:06]} c5 {[%emt 0:04:24]} 23. a4 {[%emt 0:07:12]} c4 {[%emt 0:02:14]} 24. Ba2 {[%emt 0:01:37]} Rc8 {[%emt 0:01:14]} 25. Rc1 {[%emt 0:00:54]} Rc6 {[%emt 0:02:10]} 26. Nf2 {[%emt 0:05:28]} a6 {[%emt 0:12:12]} 27. Rc2 {[%emt 0:01:36]} Kd7 {[%emt 0:10:32]} 28. b3 {[%emt 0:00:49]} cxb3 {[%emt 0:11:10]} 29. Bxb3 {[%emt 0:00:10]} Rb6 {[%emt 0:00:41]} 30. Rd2+ {[%emt 0:04:57]} Ke7 {[%emt 0:00:33]} 31. Bd1 {[%emt 0:00:40]} Rb1 {[%emt 0:03:04]} 32. Rc2 {[%emt 0:01:42]} Nc6 {[%emt 0:04:29]} 33. Nd3 {[%emt 0:00:21]} Kd6 {[%emt 0:00:33]} 34. Rc1 {[%emt 0:01:14]} Rb6 {[%emt 0:02:30]} 35. Bc2 {[%emt 0:00:48]} Na5 {[%emt 0:00:29]} 36. Rd1 {[%emt 0:01:13]} Ke7 {[%emt 0:00:20]} 37. Rb1 {[%emt 0:00:31]} Rc6 {[%emt 0:00:20]} 38. Bd1 {[%emt 0:00:36]} Bc3 {[%emt 0:00:43]} 39. h4 {[%emt 0:00:36]} Kd6 {[%emt 0:00:42]} 40. g4 {[%emt 0:00:00]} b6 {[%emt 0:00:00]} 41. Rc1 {[%emt 0:10:29]} b5 {[%emt 0:04:34]} 42. axb5 {[%emt 0:00:13]} axb5 {[%emt 0:00:04]} 43. Rb1 {[%emt 0:00:53]} Rb6 {[%emt 0:01:37]} 44. Ba4 {[%emt 0:04:49]} b4 {[%emt 0:01:11]} 45. Rd1 {[%emt 0:04:54]} Ke7 {[%emt 0:00:47]} 46. e5 {[%emt 0:06:01]} Nc4 {[%emt 0:12:12]} 47. Bb3 {[%emt 0:00:40]} Rc6 {[%emt 0:04:48]} 48. Rc1 {[%emt 0:02:24]} Na5 {[%emt 0:01:00]} 49. Ba4 {[%emt 0:00:50]} Rc4 {[%emt 0:02:34]} 50. Kf3 {[%emt 0:00:10]} b3 {[%emt 0:02:50]} 51. Bb5 {[%emt 0:00:11]} Rc7 {[%emt 0:00:46]} 52. Nb2 {[%emt 0:04:11]} Kd8 {[%emt 0:02:15]} 53. Na4 {[%emt 0:01:07]} Bxe5 {[%emt 0:00:40]} 54. Rxc7 {[%emt 0:00:45]} Kxc7 {[%emt 0:00:03]} 55. Bd3 {[%emt 0:00:09]} Kc6 {[%emt 0:00:39]} 56. h5 {[%emt 0:00:41]} gxh5 {[%emt 0:00:27]} 57. gxh5 {[%emt 0:00:13]} h6 {[%emt 0:00:22]} 58. Ke2 {[%emt 0:00:16]} b2 {[%emt 0:02:16]} 59. Kd1 {[%emt 0:01:10]} Nc4 {[%emt 0:00:12]} 60. Ke2 {[%emt 0:00:30]} Na3 {[%emt 0:00:22]} 61. Nxb2 {[%emt 0:00:20]} Bxb2 {[%emt 0:00:06]} 62. Kf3 {[%emt 0:00:29]} Nb5 {[%emt 0:00:28]} 63. Bc4 {[%emt 0:00:23]} Nc7 {[%emt 0:00:23]} 64. Ke4 {[%emt 0:00:10]} Kd6 {[%emt 0:00:08]} 65. Bb3 {[%emt 0:00:22]} Ne8 {[%emt 0:00:26]} 66. Bd1 {[%emt 0:00:08]} Nf6+ {[%emt 0:00:08]} 67. Kd3 {[%emt 0:00:23]} Ke5 {[%emt 0:00:08]} 68. Be2 {[%emt 0:00:22]} Bc1 {[%emt 0:00:21]} 69. Bd1 {[%emt 0:00:08]} Nd5 {[%emt 0:00:53]} 0-1

[Event "70th RUS-ch Women Higher League 2020"]
[Site "Sochi"]
[Date "2020.10.12"]
[Round "5.12"]
[White "Bykova, Anastasia"]
[Black "Semenova, Elena"]
[Result "0-1"]
[WhiteElo "2215"]
[BlackElo "2284"]
[Annotator "NA"]
[PlyCount "114"]
[EventDate "2020.10.08"]
[EventType "swiss"]
[EventCountry "RUS"]
[SourceTitle "playchess.com"]
[Source "ChessBase"]
[SourceQuality "1"]
[TimeControl "40/5400+30:1800+30"]

1. d4 {[%emt 0:00:00]} f5 {[%emt 0:00:00]} 2. g3 {[%emt 0:00:00]} Nf6 {[%emt 0:00:00]} 3. Bg2 {[%emt 0:00:00]} d6 {[%emt 0:00:44]} 4. d5 {[%emt 0:00:39]} c6 {[%emt 0:00:20]} 5. Nc3 {[%emt 0:00:31]} e5 {[%emt 0:00:35]} 6. dxe6 {[%emt 0:00:13] A81: Dutch Defence: 2 g3.} Bxe6 {[%emt 0:00:12]} 7. e4 {[%emt 0:01:52]} fxe4 {[%emt 0:11:00]} 8. Nxe4 {[%emt 0:03:07] [#]} Nxe4 $146 {[%emt 0:00:33]} ({Predecessor:} 8... Be7 9. Ng5 Bd5 10. Bxd5 Qa5+ 11. Bd2 Qxd5 12. Qf3 O-O 13. Qxd5+ Nxd5 14. N1h3 Na6 {½-½ (32) Weber,J (2236)-Wagener,A (2278) Differdingen 2007}) 9. Bxe4 {[%emt 0:00:08]} d5 {[%emt 0:02:38]} 10. Bg2 {[%emt 0:02:47]} Bc5 {[%emt 0:02:41]} 11. Qe2 {[%emt 0:13:28]} Qe7 {[%emt 0:01:26]} 12. Bg5 {[%emt 0:02:55]} Qxg5 {[%emt 0:04:45]} 13. Qxe6+ {[%emt 0:00:05]} Qe7 {[%emt 0:00:08]} 14. Qxe7+ {[%emt 0:00:11]} Bxe7 {[%emt 0:04:40]} 15. f4 {[%emt 0:01:06]} Nd7 {[%emt 0:04:16]} 16. O-O-O {[%emt 0:02:52]} O-O-O {[%emt 0:06:49]} 17. Nf3 {[%emt 0:00:22]} Rhe8 {[%emt 0:06:28]} 18. Rhe1 {[%emt 0:13:00]} Bf6 {[%emt 0:04:00]} 19. g4 {[%emt 0:04:05]} g6 {[%emt 0:06:07]} 20. Bh3 {[%emt 0:06:07]} Kc7 {[%emt 0:07:11]} 21. g5 {[%emt 0:01:44]} Bg7 {[%emt 0:00:11]} 22. f5 {[%emt 0:00:50]} gxf5 {[%emt 0:00:51]} 23. Bxf5 {[%emt 0:00:30]} Ne5 $11 {[%emt 0:09:31]} 24. Nxe5 {[%emt 0:09:33]} Rxe5 {[%emt 0:04:41]} 25. Rxe5 {[%emt 0:00:38]} Bxe5 {[%emt 0:00:02]} 26. h4 {[%emt 0:00:40]} Bf4+ {[%emt 0:01:41]} 27. Kb1 {[%emt 0:00:03]} Bg3 {[%emt 0:01:04]} 28. Bxh7 {[%emt 0:08:36]} Bxh4 {[%emt 0:00:26]} 29. Rg1 {[%emt 0:02:09]} Rd7 {[%emt 0:03:55]} 30. Bf5 {[%emt 0:02:09]} Re7 {[%emt 0:02:08]} 31. a4 {[%emt 0:08:29]} Rg7 {[%emt 0:06:02]} 32. g6 {[%emt 0:00:16]} Kd6 {[%emt 0:00:22]} 33. b4 {[%emt 0:03:41]} b6 {[%emt 0:00:56]} 34. Rh1 {[%emt 0:05:19]} Bf6 {[%emt 0:00:21]} 35. b5 {[%emt 0:00:40]} c5 {[%emt 0:02:16]} 36. Rf1 {[%emt 0:06:33]} Ke5 {[%emt 0:04:10]} 37. c3 {[%emt 0:00:36]} Re7 {[%emt 0:02:04]} 38. Kc2 {[%emt 0:01:46]} Kd6 {[%emt 0:00:53]} 39. Bd3 {[%emt 0:00:24]} Bg7 {[%emt 0:00:26]} 40. Rd1 {[%emt 0:00:00]} Re3 {[%emt 0:00:00]} 41. c4 {[%emt 0:03:45]} Rg3 {[%emt 0:12:31]} 42. Be4 {[%emt 0:13:43]} Rc3+ {[%emt 0:03:57]} 43. Kb1 {[%emt 0:00:02]} Rxc4 {[%emt 0:04:23]} 44. Bxd5 {[%emt 0:01:50]} Rb4+ {[%emt 0:07:40]} 45. Kc2 {[%emt 0:00:04]} Ke5 {[%emt 0:01:07]} 46. Bc6 {[%emt 0:00:34]} Rxa4 {[%emt 0:01:13]} 47. Rf1 {[%emt 0:03:43]} Rg4 {[%emt 0:01:42]} 48. Be8 {[%emt 0:00:13]} Kd4 {[%emt 0:01:56]} 49. Rf7 {[%emt 0:01:35]} Be5 {[%emt 0:00:47]} 50. Rxa7 {[%emt 0:00:28]} Rg2+ {[%emt 0:00:28]} 51. Kd1 {[%emt 0:02:19]} Kd3 {[%emt 0:00:31]} 52. Ke1 {[%emt 0:00:15]} c4 {[%emt 0:01:01]} 53. Kf1 {[%emt 0:00:46]} Rg5 {[%emt 0:00:24]} 54. Kf2 {[%emt 0:04:21]} c3 {[%emt 0:00:17]} 55. Rd7+ {[%emt 0:03:21]} Bd4+ {[%emt 0:00:28]} 56. Kf3 {[%emt 0:00:04]} c2 {[%emt 0:00:30]} 57. Rc7 {[%emt 0:00:16]} Bc5 {[%emt 0:00:41]} 0-1

[Event "70th RUS-ch Women Higher League 2020"]
[Site "Sochi"]
[Date "2020.10.12"]
[Round "5.13"]
[White "Dordzhieva, Dinara"]
[Black "Miroshnik, Ekaterina"]
[Result "1-0"]
[WhiteElo "2354"]
[BlackElo "2104"]
[Annotator "TA"]
[PlyCount "102"]
[EventDate "2020.10.08"]
[EventType "swiss"]
[EventCountry "RUS"]
[SourceTitle "playchess.com"]
[Source "ChessBase"]
[SourceQuality "1"]

{[%evp 14,102,12,9,20,11,31,18,96,66,113,18,25,22,40,11,14,-13,0,0,0,0,0,-38,104,104,104,63,200,128,136,153,155,155,129,164,434,425,446,436,410,409,425,361,427,243,359,354,270,243,234,220,217,221,221,221,212,221,254,250,243,251,236,226,223,217,300,302,388,387,387,363,375,418,413,409,633,703,588,598,760,773,702,687,29990,29976,29975,29977,29968,29969,29998]} 1. d4 d5 2. Nf3 Nf6 3. c4 dxc4 4. g3 e6 5. Bg2 Bd7 6. Ne5 Bc6 7. Nxc6 Nxc6 8. O-O Qd7 {E04: Open Catalan: 5 Nf3.} 9. e3 O-O-O {9...0-0-0 has lost popularity. is the legacy move (9...Rd8).} 10. Nd2 {[#]} Na5 $146 (10... h5 $11 {keeps the balance.}) ({Predecessor:} 10... e5 11. Nxc4 exd4 12. exd4 Qe6 13. Qa4 Rxd4 14. b3 Ne4 15. Bb2 Nc5 16. Qxc6 bxc6 17. Bxd4 {½-½ (26) Giri,A (2750)-Harikrishna,P (2726) Biel 2014}) 11. Qc2 h5 12. Nxc4 (12. b3 $16) 12... Nxc4 $11 13. Qxc4 Nd5 14. Bd2 h4 15. b4 hxg3 16. hxg3 f5 17. b5 g5 18. a4 {[%cal Ba2a4,Ba4a5][%mdl 32]} Be7 (18... f4 $15 {stays ahead.} 19. exf4 gxf4 20. Bxf4 Nxf4 21. gxf4 Bb4) 19. a5 $16 Kb8 20. Rfc1 Rde8 {Now Black is done in.} (20... f4 $14) 21. e4 fxe4 22. Bxe4 Bf6 23. Ra2 Rc8 24. a6 Nb6 $2 (24... b6 {was necessary.} 25. Qc6 Qxc6 26. Rxc6 Bxd4) 25. Qe2 $18 bxa6 26. Rxa6 Bxd4 27. Be3 {And now Qa2 would win.} Rcf8 28. Bg2 (28. Bxd4 Qxd4 29. Qc2 Nd5 $18) 28... e5 (28... Bxe3 29. Qxe3 Rf5 30. Rca1 $18) 29. Ra2 (29. Bxd4 $142 Qxd4 30. Qc2) 29... Bxe3 (29... e4 $142 30. Rac2 (30. Bxd4 Qxd4 31. Rca1 Nc8 $16) 30... Bxe3 31. Qxe3 {[%mdl 64] Double Attack} Qg4 32. Rxc7 Rd8) 30. Qxe3 {[%mdl 64] [#] aiming for Qa3. Double Attack} Qd4 {intending ...Qxe3.} 31. Qxg5 e4 32. Rd2 Qb4 33. Qe5 $40 {[%mdl 128] White has strong attack.} Rh7 ({Weaker is} 33... Qxd2 34. Qxc7+ Ka8 35. Bxe4+ Nd5 36. Qc6+ Kb8 37. Qd6+ Ka8 38. Bxd5+ Qxd5 39. Qxd5+) 34. Qxe4 Qxe4 35. Bxe4 Re7 36. Bc6 Rg7 37. Rcd1 Rgg8 38. Rd4 Nc8 39. Rd7 Rh8 40. f4 Rhg8 41. Kf2 Nb6 42. Rh7 Rf6 43. Bf3 Rf5 44. Rc1 Rxb5 (44... Na8 $142 45. Bxa8 {[%mdl 64] Overworked Piece} Kxa8 46. Rcxc7 Rxb5 47. Rxa7+ Kb8) 45. Rcxc7 Rb2+ 46. Kf1 a5 47. Rb7+ Kc8 48. Be4 {Hoping for Bf5+.} Na4 {If Black can now play ...Rxb7 this consolidates a bit.} 49. Ra7 {White mates.} Nb6 50. Bf5+ Kd8 {[#]} 51. Rhb7 $1 Rh8 {Accuracy: White = 78%, Black = 53%.} 1-0

[Event "70th RUS-ch Women Higher League 2020"]
[Site "Sochi"]
[Date "2020.10.12"]
[Round "5.14"]
[White "Mironenko, Galina"]
[Black "Bodnaruk, Anastasia"]
[Result "0-1"]
[WhiteElo "2061"]
[BlackElo "2428"]
[Annotator "TA"]
[PlyCount "92"]
[EventDate "2020.10.08"]
[EventType "swiss"]
[EventCountry "RUS"]
[SourceTitle "playchess.com"]
[Source "ChessBase"]
[SourceQuality "1"]

{[%evp 14,92,48,14,28,27,53,8,43,-21,32,29,17,24,51,70,67,57,118,110,117,123,104,79,92,83,90,84,86,79,82,71,132,109,109,56,69,36,102,90,102,102,107,67,50,0,6,2,2,4,12,0,0,0,0,0,0,0,0,0,0,-48,0,0,0,-66,-43,-199,-195,-266,-271,-504,-489,-29991,-29992,-29996,-29997,-29997,-29998,-29998,-29999]} 1. Nf3 Nf6 2. g3 g6 3. Bg2 Bg7 4. d4 O-O 5. c4 d6 6. O-O Nc6 7. Nc3 a6 8. e3 {8.b3 is the modern continuation.} e5 {was the old line (8...Rb8). E63: King's Indian: Fianchetto: Panno Variation with 7...a6.} 9. d5 Ne7 {[#]} 10. Ne1 $146 ({Predecessor:} 10. a4 a5 11. Ne1 b6 12. Nd3 Nd7 13. e4 f5 14. Re1 h6 15. Ra3 Ba6 16. Nb5 {1-0 (36) Erdos,V (2628)-Amin,B (2680) Tbilisi 2017}) 10... c5 {The position is equal.} 11. Nd3 {[#]} (11. a4 $14) 11... Bd7 (11... b5 $1 $11 {[%mdl 512]}) 12. a4 $14 {[#]} b5 $1 {[%mdl 512]} 13. axb5 axb5 14. Rxa8 Qxa8 {[#]} 15. Nxe5 $1 {[%mdl 512]} bxc4 (15... dxe5 $14 16. d6 Qe8 17. dxe7 Qxe7) 16. Nxc4 $16 Qa6 17. Qb3 Ng4 18. Rd1 Ne5 19. Bf1 {Threatens to win with Nxe5.} Nxc4 20. Bxc4 Qa7 21. e4 Rb8 22. Qc2 $1 f5 (22... Qa1 $142) 23. Bg5 Nc8 24. exf5 (24. Re1 $16) 24... Bxf5 $14 25. Qe2 Nb6 (25... Be5 $14) 26. Bd3 Bxd3 27. Rxd3 Nc4 28. Qe6+ Qf7 $1 29. Qxf7+ Kxf7 30. Rf3+ Kg8 31. Ne4 Rxb2 32. Bf6 Re2 33. Bxg7 {Intending Bh6 and mate.} Rxe4 $11 {[%mdl 4096] Endgame KRB-KRN} 34. Bh6 {[%csl Gh6][%cal Rf3f8]} Re8 35. Rb3 Kf7 36. Rb7+ Re7 37. Rb8 {[%csl Gh6][%cal Rb8f8]} Re8 38. Rb7+ Re7 ({Black should try} 38... Kf6 $11) 39. Rb8 $15 {[%csl Gh6][%cal Rb8f8]} Kf6 40. f4 $2 {[#] This costs White the game.} ({Better is} 40. Bf8 $15 Re5 41. Rb7 Rxd5 42. Rxh7) 40... Kf5 $1 $19 41. Bf8 {[#]} (41. Kf2 {was worth a try.}) 41... Re2 $1 42. Rd8 $2 (42. h3 {was called for.}) 42... Kg4 {( -> ...Kf3)} 43. Bxd6 (43. Ra8 $19 Kh3 44. Ra7) 43... Kf3 {[%cal Re2e1] Black mates.} 44. h4 Ne3 45. Ra8 Re1+ 46. Kh2 Ng4+ {Accuracy: White = 56%, Black = 75%.} 0-1

[Event "70th RUS-ch Women Higher League 2020"]
[Site "Sochi"]
[Date "2020.10.12"]
[Round "5.15"]
[White "Gorovenko, Darya"]
[Black "Garmash, Aliona"]
[Result "0-1"]
[WhiteElo "2120"]
[BlackElo "2093"]
[Annotator "NA"]
[PlyCount "96"]
[EventDate "2020.10.08"]
[EventType "swiss"]
[EventCountry "RUS"]
[SourceTitle "playchess.com"]
[Source "ChessBase"]
[SourceQuality "1"]
[TimeControl "40/5400+30:1800+30"]

1. d4 {[%emt 0:00:00]} d5 {[%emt 0:00:00]} 2. c4 {[%emt 0:00:00]} c6 {[%emt 0:00:00]} 3. Nf3 {[%emt 0:00:01]} Nf6 {[%emt 0:00:00]} 4. Qc2 {[%emt 0:00:19]} dxc4 {[%emt 0:00:00]} 5. e4 {[%emt 0:00:24]} Bg4 {[%emt 0:09:13]} 6. Bxc4 {[%emt 0:01:31]} e6 {[%emt 0:06:16]} 7. Be3 {[%emt 0:03:47]} Nbd7 {[%emt 0:04:08]} 8. Nbd2 {[%emt 0:02:12]} Be7 {[%emt 0:03:18]} 9. O-O {[%emt 0:01:46]} Rc8 {[%emt 0:03:11]} 10. Rfe1 {[%emt 0:03:32]} O-O {[%emt 0:03:19]} 11. Qb3 {[%emt 0:03:57]} Nb6 $11 {[%emt 0:08:50]} 12. Ne5 {[%emt 0:08:42]} Bh5 {[%emt 0:04:38]} 13. Nd3 {[%emt 0:15:42]} Nxc4 {[%emt 0:05:47]} 14. Qxc4 {[%emt 0:01:25]} Nd7 {[%emt 0:09:06]} 15. b4 {[%emt 0:11:14]} Bf6 {[%emt 0:06:13]} 16. e5 {[%emt 0:11:11]} Nb6 {[%emt 0:00:30]} 17. Qb3 {[%emt 0:00:10]} Be7 {[%emt 0:00:21]} 18. Nc5 {[%emt 0:00:58]} Qc7 {[%emt 0:00:45]} 19. Rac1 {[%emt 0:01:58]} Nd5 {[%emt 0:01:15]} 20. a3 {[%emt 0:03:46]} Rfd8 {[%emt 0:07:31]} 21. Nc4 {[%emt 0:00:33]} Bg6 {[%emt 0:01:38]} 22. Bd2 {[%emt 0:00:38]} Nb6 {[%emt 0:10:40]} 23. Na5 {[%emt 0:08:01]} Rxd4 {[%emt 0:02:56]} 24. Bc3 {[%emt 0:00:07]} Rd5 {[%emt 0:01:15]} 25. Ncxb7 {[%emt 0:08:15]} Rb8 {[%emt 0:02:02]} 26. Nc5 {[%emt 0:07:58]} Bxc5 {[%emt 0:01:22]} 27. bxc5 {[%emt 0:00:04]} Nd7 {[%emt 0:00:11]} 28. Qa4 {[%emt 0:00:13]} Rb5 {[%emt 0:00:35]} 29. Nb3 {[%emt 0:01:04]} Qb7 {[%emt 0:03:31]} 30. Bb4 {[%emt 0:01:04]} Nxe5 {[%emt 0:00:52]} 31. Rxe5 {[%emt 0:00:21]} Rxe5 {[%emt 0:00:04]} 32. Nd4 {[%emt 0:00:11]} Rbxc5 {[%emt 0:01:26]} 33. Bxc5 {[%emt 0:00:13]} Rxc5 {[%emt 0:00:04]} 34. Re1 {[%emt 0:00:18]} h6 {[%emt 0:00:36]} 35. h3 {[%emt 0:00:04]} Qd7 {[%emt 0:00:52]} 36. Nf3 {[%emt 0:00:53]} Rc2 {[%emt 0:03:17]} 37. Qa5 {[%emt 0:01:13]} Bf5 {[%emt 0:00:49]} 38. g4 {[%emt 0:00:54]} Bg6 {[%emt 0:00:27]} 39. Qb4 {[%emt 0:01:27]} Qd5 {[%emt 0:00:33]} 40. Ne5 {[%emt 0:00:00]} c5 {[%emt 0:00:00]} 41. Qb8+ {[%emt 0:00:52]} Kh7 {[%emt 0:01:49]} 42. Nxg6 {[%emt 0:00:04]} Kxg6 {[%emt 0:04:18]} 43. Qb1 {[%emt 0:00:20]} Qd2 {[%emt 0:00:25]} 44. Rf1 {[%emt 0:00:09]} c4 {[%emt 0:00:25]} 45. Qb7 {[%emt 0:00:16]} Qd3 {[%emt 0:04:23]} 46. a4 {[%emt 0:00:05]} c3 {[%emt 0:00:44]} 47. a5 {[%emt 0:00:27]} Rd2 {[%emt 0:00:28]} 48. a6 {[%emt 0:00:17]} c2 {[%emt 0:00:05]} 0-1

[Event "70th RUS-ch Women Higher League 2020"]
[Site "Sochi"]
[Date "2020.10.12"]
[Round "5.16"]
[White "Mukhina, Jana"]
[Black "Ovod, Evgenija"]
[Result "0-1"]
[WhiteElo "2025"]
[BlackElo "2372"]
[Annotator "TA"]
[PlyCount "86"]
[EventDate "2020.10.08"]
[EventType "swiss"]
[EventCountry "RUS"]
[SourceTitle "playchess.com"]
[Source "ChessBase"]
[SourceQuality "1"]

{[%evp 9,86,-7,0,0,0,-10,0,-10,0,-12,7,0,7,8,14,5,14,0,0,-8,0,-4,0,0,0,-7,-17,-21,-17,-23,-28,-56,-48,-157,-148,-157,-135,-154,-135,-141,-132,-167,-168,-159,-143,-252,-252,-250,-140,-156,-148,-134,-106,-165,-159,-158,-147,-151,-154,-158,-149,-150,-120,-118,-115,-115,-116,-165,-170,-181,-173,-116,-104,-1254,-1144,-29960,-29947,-29995,-469]} 1. e4 e6 2. d4 d5 3. Bd3 dxe4 4. Bxe4 Nf6 5. Bf3 Nbd7 6. Be3 {C01: French: Exchange Variation.} Be7 7. Ne2 O-O 8. Nbc3 {[#] The position is equal.} Nb6 $146 ({Predecessor:} 8... e5 9. Ng3 exd4 10. Bxd4 c5 11. Be3 Ne5 12. Be2 Qb6 13. Qc1 Be6 14. O-O Rad8 {0-1 (48) Sinz,B (2400)-Dgebuadze,A (2521) Schwaebisch Gmuend 2018}) 9. Qd3 Nfd5 10. Nxd5 exd5 11. b3 a5 12. O-O a4 13. Ng3 Be6 14. c3 Qd7 15. Rae1 axb3 16. axb3 Nc8 17. Bd1 Nd6 18. Bc2 {[%csl Gc2][%cal Rd3h7] [#]} g6 19. Ra1 h5 20. Bh6 Rfe8 21. f3 (21. Rxa8 $15 Rxa8 22. Qe3) 21... h4 $17 22. Nh1 Bf5 23. Qd2 Bxc2 24. Qxc2 Nf5 25. Bd2 Rxa1 26. Rxa1 c5 27. g4 (27. Nf2 $17 {might work better.}) 27... hxg3 $1 $19 28. Nxg3 Nxg3 ({Not} 28... cxd4 29. Nxf5 Qxf5 30. Qxf5 $15) ({Black should play} 28... Nh4 $19 29. Qd3 cxd4 30. cxd4 Bf6) 29. hxg3 $17 cxd4 30. cxd4 Qh3 31. Be1 {[#]} (31. Bf4 $17) 31... Bf6 $1 $19 {[%mdl 512]} 32. Qf2 Kg7 33. Rd1 Rh8 {[%csl Gh8][%cal Rh3h1]} 34. Qg2 {intending Qxh3.} Qe6 35. Qd2 Qf5 $40 {[%mdl 128] Black goes for the king.} 36. Qe2 Qh5 {White must now prevent ...Qh1+.} 37. Qg2 Re8 38. Bf2 Re2 39. g4 Qh6 40. Qf1 ({Better is} 40. Qg3 $19) 40... Rb2 {Threatens to win with ...Bh4.} 41. Qd3 $2 {[%mdl 8192]} (41. Rb1 $17 Ra2 42. Ra1) 41... Bh4 42. Rf1 Qf4 43. Kg2 Qg3+ {[%mdl 64] Double Attack. Accuracy: White = 60%, Black = 89%.} 0-1